| 000 | 00572nam a22001697a 4500 | ||
|---|---|---|---|
| 005 | 2012011809409.0 | ||
| 020 |
_a9788128622267 _c75.00 |
||
| 082 | _aS | ||
| 100 |
_aBlyton, Enid _939498 |
||
| 245 |
_aNoddy get well soon, Mr Plod _cby Enid Blyton |
||
| 260 |
_aMumbai: _bEuro Books, _c2009 |
||
| 270 |
_a158, Vidyanagari Marg, Kalina, Santacruz (E) _bMumbai _e400098 |
||
| 300 |
_a26 p. _bill(col) _c26cm (Pbk) |
||
| 490 |
_aLarge print reader _939499 |
||
| 942 |
_2ddc _cEN _hS _mBLY |
||
| 999 |
_c61122 _d61122 |
||